मल्लिपू,कहाँ है तू? / (Record no. 62805)

MARC details
000 -LEADER
fixed length control field 01042nam a22001817a 4500
005 - DATE AND TIME OF LATEST TRANSACTION
control field 20120215111148.0
020 ## - INTERNATIONAL STANDARD BOOK NUMBER
International Standard Book Number 8181466259
Terms of availability 115.00
082 ## - DEWEY DECIMAL CLASSIFICATION NUMBER
Classification number
100 ## - MAIN ENTRY--PERSONAL NAME
Personal name चड्ढा, राधिका
245 ## - TITLE STATEMENT
Title मल्लिपू,कहाँ है तू? /
Statement of responsibility, etc राधिका चड्ढा;प्रिया कुरियन द्वारा चित्रांकित;दीया नायर द्वारा अनुदित
260 ## - PUBLICATION, DISTRIBUTION, ETC. (IMPRINT)
Place of publication, distribution, etc चैन्नई
Name of publisher, distributor, etc तूलिका पब्लिशिंग
Date of publication, distribution, etc 2008
270 ## - ADDRESS
Address 13, पृथ्वी ऐवन्यु,अभिरमपुरम
City चैन्नई
Postal code 600018
300 ## - PHYSICAL DESCRIPTION
Extent अ.पृ
Other physical details सचित्र
Dimensions 18सेमी (अजिल्द)
700 ## - ADDED ENTRY--PERSONAL NAME
Personal name कुरियन, प्रिया
9 (RLIN) 42026
700 ## - ADDED ENTRY--PERSONAL NAME
Personal name नायर, दीया
9 (RLIN) 42032
942 ## - ADDED ENTRY ELEMENTS (KOHA)
Source of classification or shelving scheme Dewey Decimal Classification
Item type Children Books
Classification part
Call number suffix चड्ढारा
Holdings
Withdrawn status Lost status Not for loan Home library Current library Date acquired Cost, normal purchase price Full call number Cost, replacement price Koha item type
    Ordered Andrews Gunj Andrews Gunj 15/02/2012 115.00 क चड्ढारा 115.00 Children Books

© Delhi Public Library
Hit Counter
free hit counter